| 000 | 00542nam a2200193Ia 4500 | ||
|---|---|---|---|
| 003 | OSt | ||
| 005 | 20250310112216.0 | ||
| 008 | 210210b1980 xxu||||| |||| 00| 0 eng d | ||
| 040 | _cAL | ||
| 041 | _aKannada | ||
| 082 | _aK894.3 KRAN | ||
| 100 |
_aKRASHNAYYA (K V). _9139593 _dಕೃಷ್ಣಯ್ಯ (ಕೆ ವಿ ) |
||
| 245 |
_aNannolida Asha. _bನನ್ನೊಲಿದ ಆಶಾ |
||
| 260 |
_aMangaluru _bArunodaya Prakashana _c1980 |
||
| 300 | _axii,206 | ||
| 690 |
_aKannada Fiction _9139594 |
||
| 906 | _a034660 | ||
| 942 |
_2ddc _cBK |
||
| 999 |
_c85406 _d85406 |
||